000 00334nam a2200157Ia 4500
005 20250603145246.0
008 250603s9999 xx 000 0 und d
050 _aKP 35 .E73/
245 0 _aLaws of Enugu State
260 _aEnugu
260 _bEL”Demak
260 _c2004
300 _a882 p
650 _aEnugu
942 _cBK
999 _c41338
_d41338